000 00514cam a22002054a 4500
005 20250605164305.0
008 250528s ||||||||||||||||||||||||d
035 _a22229
020 _a9781408066638
040 _aGR-AtMCL
_bgre
_dGR-AtMCL
_eAACR2
245 1 _aSUCCESSFUL EVENT MANAGEMENT / A PRACTICAL HANDBOOK
250 _a4
260 _bCengage Learning,
_c2016
300 _a334
700 1 _aParry Bryn
_92924
700 1 _aShone Anton
_92925
942 _cBK
999 _c7285
_d7285